00844nam a2200193 a 450000100100000000500170001000800410002704000250006808200150009324501070010826000330021530000220024850000730027071000490034304900090039295201130040195201190051499900170063300002995620200930055935.0110427s1998 dr 000 0 spa d aDO-SdBNPbspacBNPHU axxxbD431h04aLos derechos humanos 1948-1998 :bpacto internacional de derechos económicos, sociales y culturales. aSanto Domingo :bONU,c1998. a[14 p.] ;c23 cm. a50 aniversario de la declaración universal de los derechos humanos2 aOrganización de las Naciones Unidas955485 aBNPD 0010718PDaPDbPDcCTd2011-04-27iLF1l0oxxx D431hp29956-10r2020-06-25w2020-06-25yLFPDZNo se presta 0010718PDaPDbPDcCTd2011-04-27iLF1l0oxxx D431hp29956-20r2020-06-25te. 2w2020-06-25yLFPDZNo se presta c29448d29448